Statistics for Countries by Languages without English, French and Spanish (with Map)

Click here to take the quiz!

General Stats

  • This quiz has been taken 3,291 times
  • The average score is 128 of 187

Answers on the Map

Answers color-coded by a green-red scale on the quiz's map according to % correct below.
 

Answer Stats

LanguagesCountry% Correct
Arabic, Hebrew, RussianIsrael
98%
Russian, Abaza, Adyghe, Altai, Bashkir, Buryat, Chechen, Chuvash, Crimean Tatar, Erzya, Ingush, Kabardian, Kalmyk, Karachay-Balkar, Khakas, Komi-Zyrian, Hill Mari, Meadow Mari, Moksha, Nogai, Ossetian, Tatar, Tuvan, Udmurt, Ukrainian, YakutRussia
98%
Ukrainian, Russian, Crimean TatarUkraine
98%
Belarusian, RussianBelarus
97%
PortugueseBrazil
97%
Mandarin, Cantonese, Gan, Wu, Minbei, Minnan, Mongolian, Uyghur, Tibetan, Zhuang, Kazakh, Kyrgyz, Xiang, HakkaChina
97%
Italian, Arabic, TigrinyaEritrea
97%
Estonian, RussianEstonia
97%
German, RussianGermany
97%
Italian, GermanItaly
97%
Kazakh, RussianKazakhstan
97%
Kyrgyz, RussianKyrgyzstan
97%
Latvian, RussianLatvia
97%
Lithuanian, RussianLithuania
97%
Malay, Mandarin Chinese, Cantonese, TamilMalaysia
97%
German, Italian, RomanshSwitzerland
97%
Tajik, RussianTajikistan
97%
Turkmen, RussianTurkmenistan
97%
Uzbek, Karakalpak, RussianUzbekistan
97%
Arabic, Berber, Hassaniya, Tamazight, TuaregAlgeria
96%
ArabicBahrain
96%
Dutch, GermanBelgium
96%
ArabicChad
96%
Arabic, ComorianComoros
96%
ArabicDjibouti
96%
Arabic, Coptic, EgyptianEgypt
96%
Hungarian, GermanHungary
96%
Arabic, Armenian, Assyrian Neo-Aramaic, Iraqi Turkmen, KurdishIraq
96%
ArabicJordan
96%
Arabic, Kuwaiti Arabic, Kuwaiti PersianKuwait
96%
Arabic, ArmenianLebanon
96%
ArabicLibya
96%
Arabic, Berber, Fula, Hassaniya, Soninke, Tuareg, WolofMauritania
96%
Arabic, Berber, Tamazight, DarijaMorocco
96%
Burmese, Chin, Kachin, Karen, Karenni, Mon, Rakhine, ShanMyanmar
96%
Arabic, Berber, Hausa, Fulfulde, Gulmancema, Kanuri, Zarma, Tamazight, Tuareg, SoninkeNiger
96%
ArabicOman
96%
Polish, Ukrainian, SilesianPoland
96%
ArabicQatar
96%
ArabicSaudi Arabia
96%
Mandarin, Malay, TamilSingapore
96%
Arabic, SomaliSomalia
96%
Arabic, Bari, Dinka, Luo, Murle, Nuer, ZandeSouth Sudan
96%
ArabicSudan
96%
Arabic, KurdishSyria
96%
Arabic, TunisianTunisia
96%
ArabicUnited Arab Emirates
96%
ArabicYemen
96%
PortugueseAngola
95%
Portuguese, Cape Verdean CreoleCape Verde
95%
Greek, Turkish, Armenian, Cypriot ArabicCyprus
95%
Portuguese, TetumEast Timor
95%
Portuguese, MirandesePortugal
95%
Formosan, Hakka, Mandarin, Taiwanese HokkienTaiwan
95%
Albanian, Greek, Macedonian, Aromanian, ItalianAlbania
94%
GermanAustria
94%
PortugueseEquatorial Guinea
94%
Finnish, Swedish, SamiFinland
94%
PortugueseGuinea-Bissau
94%
Hindi, Bengali, Urdu, Punjabi, Marathi, Telugu, Tamil, Gujarati, Kannada, Odia, Malayalam, Assamese, Santali, SanskritIndia
94%
JapaneseJapan
94%
PortugueseMozambique
94%
Palauan, Sonsorolese, Tobian, JapanesePalau
94%
Romanian, HungarianRomania
94%
PortugueseSão Tomé and Príncipe
94%
SerbianSerbia
94%
Swedish, Finnish, SamiSweden
94%
German, Mapudungun, QuechuaChile
93%
Czech, UkrainianCzech Republic
93%
Danish, Faroese, KalaallisutDenmark
93%
German, Oshiwambo, AfrikaansNamibia
93%
Dutch, German, Papiamento, West Frisian, Dutch Low Saxon, LimburgishNetherlands
93%
Slovak, HungarianSlovakia
93%
Turkish, KurdishTurkey
93%
KoreanNorth Korea
92%
Norwegian, SamiNorway
92%
KoreanSouth Korea
92%
GreekGreece
91%
German, LuxembourgishLuxembourg
91%
Albanian, Bosnian, SerbianKosovo
90%
GermanLiechtenstein
90%
Catalan, Galician, Occitan, Basque, Portuguese, Fala, Aragonese, Astur-LeoneseSpain
90%
Portuguese, Romani, Arawak, Chibchan, Tucanoan, Bora-WitotoColombia
89%
Croatian, SerbianCroatia
89%
Pashto, Dari, UzbekAfghanistan
88%
Bulgarian, Turkish, RussianBulgaria
88%
Montenegrin, Albanian, Bosnian, Croatian, SerbianMontenegro
88%
ThaiThailand
88%
VietnameseVietnam
88%
Catalan, PortugueseAndorra
87%
Bosnian, Croatian, SerbianBosnia and
Herzegovina
87%
MongolianMongolia
87%
Cornish, Irish, Ulster-Scots, Scots, Scottish Gaelic, Welsh, Pitcairnese, Guernésiais, Jèrriais, ManxUnited Kingdom
87%
Malay, Javanese, Indonesian, Sundanese, Madurese, MinangkabauIndonesia
86%
PersianIran
86%
IrishIreland
86%
Trinidadian Creole, Tobagonian Creole, Trinidadian HindustaniTrinidad and Tobago
86%
Fijian, Fiji HindiFiji
85%
Georgian, RussianGeorgia
85%
Armenian, RussianArmenia
84%
Afrikaans, Southern Ndebele, Northern Sotho, Sotho, Swazi, Tswana, Tsonga, Venda, Xhosa, ZuluSouth Africa
84%
Azerbaijani, RussianAzerbaijan
82%
Romanian, Gagauz, Russian, UkrainianMoldova
81%
KhmerCambodia
80%
IcelandicIceland
80%
NepaliNepal
80%
Dutch, Sranan TongoSuriname
80%
Navajo, Yupik, Dakota, Apache, Keres, Cherokee, Ojibwa, Choctaw, Zuni, PimaUnited States
80%
Urdu, Punjabi, Balochi, Sindhi, PashtoPakistan
79%
LaoLaos
78%
Macedonian, AlbanianNorth Macedonia
76%
BengaliBangladesh
75%
Filipino, Aklanon, Bikol, Cebuano, Chavacano, Hiligaynon, Ibanag, Ilocano, Ivatan, Kapampangan, Kinaray-a, Maguindanao, Maranao, Pangasinan, Sambal, Tagalog, Tausug, Waray, YakanPhilippines
75%
Kirundi, SwahiliBurundi
72%
Lingala, Kikongo, Swahili, TshilubaDemocratic Republic
of the Congo
72%
Kinyarwanda, SwahiliRwanda
72%
SloveneSlovenia
72%
Swahili, KikuyuKenya
71%
SwahiliTanzania
71%
SwahiliUganda
71%
MāoriNew Zealand
64%
Italian, LatinVatican City
63%
Dioula, Baoulé, Anyin, Attié, Bete, We, Dida, Dan, Guro, Senari, Kulango, LobiIvory Coast
62%
ItalianSan Marino
62%
Sinhala, TamilSri Lanka
61%
Haitian Creole, Lucumi, Galician, CorsicanCuba
60%
Afar, Amharic, Benshangul, Gumuz, Harari, Kunama, Oromo, Sidamo, Somali, TigrinyaEthiopia
59%
Chewa, Chibarwe, Kalanga, Khoisan, Nambya, Ndau, Ndebele, Shangani, Shona, Sotho, Tonga, Tswana, Venda, XhosaZimbabwe
59%
MalayBrunei
56%
Haitian CreoleDominican Republic
56%
Alsatian, Basque, Breton, Catalan, Corsican, OccitanFrance
56%
Liberian Kreyol, Kisi, Bandi, Dan, Kpelle, Loma, Bassa, Dewoin, Gbii, GolaLiberia
56%
Aymara, Araona, Baure, Bésiro, Canichana, Cavineño, Cayubaba, Chácobo, Chimán, Ese Ejja, Guaraní, Guarasu'we, Guarayu, Itonama, Leco, Machajuyai- Kallawaya, Machineri, Maropa, Mojeño-Ignaciano, Mojeño-Trinitario, Moré, Mosetén, Movima, Pacawara, Puquina, Quechua, Sirionó, Tacana, Tapieté, Toromona, Uru-Chipaya, Weenhayek, Yaminawa, Yuki, Yuracaré, Zamuco
Bolivia
55%
Aymara, QuechuaPeru
51%
Seychellois CreoleSeychelles
51%
Mauritian CreoleMauritius
50%
Quechua, Kichwa, ShuarEcuador
49%
Hausa, Yoruba, Igbo, TivNigeria
49%
Haitian CreoleHaiti
47%
Guyanese CreoleGuyana
43%
Limonese CreoleCosta Rica
42%
MalagasyMadagascar
41%
MalteseMalta
41%
Fante, Asante Twi, Akuapem Twi, Adangme, Dagaare, Dagbani, Ewe, Ga, Gonja, Kasem, NzemaGhana
34%
SothoLesotho
34%
MaldivianMaldives
34%
SamoanSamoa
34%
Nahuatl, Yucatec Maya, Tzeltal Maya, Tzotzil Maya, Mixtec, Zapotec, Otomi, TotonacMexico
33%
Bemba, Nyanja, Tonga, Kaonde, BarotseZambia
33%
TswanaBotswana
31%
Guaraní, Kom, Moquoit, WichiArgentina
29%
SwaziEswatini
29%
GuaraníParaguay
29%
GilberteseKiribati
28%
Fon, Yoruba, Bariba, Mina, Dendi, YomBenin
26%
MarshalleseMarshall Islands
24%
NauruanNauru
24%
DzongkhaBhutan
23%
TuvaluanTuvalu
23%
TonganTonga
21%
Berber, Tamazight, Bambara, Tuareg, SoninkeMali
19%
Bulu, Ewondo, Hausa, Yemba, Ghomala, Ngiemboon, Kom, Bassa, Bamoun, MedumbaCameroon
18%
Jamaican PatoisJamaica
18%
Tok Pisin, Hiri MotuPapua New Guinea
18%
Chipewyan, Cree, Gwich'in, Inuinnaqtun, Inuktitut, Inuvialuktun, North Slavey, South Slavey, Tłı̨chǫCanada
17%
Mandinka, Pulaar, Wolof, Soninke, Jola, SererGambia
14%
Jola-Fogny, Mandinka, Pulaar, Serer, Soninke, WolofSenegal
14%
Fula, Jula, MoreBurkina Faso
11%
Fula, Maninka, SusuGuinea
11%
Chichewa, Tumbuka, YaoMalawi
11%
SangoCentral African Republic
9%
NahuatlEl Salvador
9%
BislamaVanuatu
8%
Lingala, MunukutubaRepublic of the Congo
6%
Tasmanian, Torres Strait IslandAustralia
5%
MiskitoNicaragua
5%
MonégasqueMonaco
4%
Arawak, Arutani-Sape, Cariban, Chibchan, Guahiban, JirajaranVenezuela
4%
Chuukese, Kosraean, Pohnpeian, YapeseFederated States of
Micronesia
3%
Fang, Mbere, SiraGabon
3%
K’iche’, Q'eqchi', Kaqchikel, MamGuatemala
3%
Garifuna, MiskitoHonduras
3%
KrioSierra Leone
2%
Ewé, KabiyéTogo
2%
KriolBelize
1%
Guaymí, Kuna, Northern Embera, TeribePanama
1%
Kwara'ae, Pijin, 'Are'are, LauSolomon Islands
1%

Score Distribution

Percentile by Number Answered

Percent of People with Each Score

Your Score History

You have not taken this quiz